| 000 | 01003cam a2200217 4500 | ||
|---|---|---|---|
| 001 | ABS64424 | ||
| 008 | 010903n2001 000 0 eng u | ||
| 035 | _a(Sirsi) u114414 | ||
| 100 | _aKirby, P | ||
| 245 | _aLatest scores make for mixed reading | ||
| 260 | _c2001 | ||
| 490 |
_aPlanning (for the Natural and Built Environment) _v(1430) 3 August 2001, 12-13(2) |
||
| 520 | _aReports on the performance of council planning professionals in a report by the Audit Commission, a year into the Best Value process, with the majority of planning authorities audited so far only registering a 'fair' on their performance, below the average for other council service inspections. Advises that planning authorities need to adopt a more positive approach to improve their Best Value assessment scores. | ||
| 590 | _aABS | ||
| 650 | _aBEST VALUE | ||
| 650 | _aAUDIT COMMISSION | ||
| 650 | _aPLANNING AUTHORITIES | ||
| 650 | _aPLANNING SYSTEM | ||
| 690 |
_aPlanning and development _96259 |
||
| 942 | _n0 | ||
| 999 |
_c68143 _d68143 |
||